Nghệ thuật nói hay
Đề cập đến thiên kỹ xảo; thiên giao tiếp; thiên cơ trí; thiên luyến ái. trình bày thiên biện luận, thiên đàm phán, thiên thương tướng, thiên thuyết phục, thiên hài hước.
Đã lưu trong:
| Tác giả chính: | |
|---|---|
| Định dạng: | Sách |
| Năm xuất bản: |
Tp HCM
Phương Đông
2007
|
| Chủ đề: | |
| Tags: |
Thêm thẻ
Không có thẻ, Hãy là người đầu tiên gắn thẻ bản ghi này!
|
| LEADER | 00773nam a2200157 4500 | ||
|---|---|---|---|
| 082 | |a 302.224 |b NH304V | ||
| 100 | |a Nhiệm Văn Cật | ||
| 245 | |a Nghệ thuật nói hay |c Nhiệm Văn Cật; Nguyễn Huy dịch | ||
| 260 | |a Tp HCM |b Phương Đông |c 2007 | ||
| 300 | |a 1370 tr. |c 20 cm. | ||
| 520 | |a Đề cập đến thiên kỹ xảo; thiên giao tiếp; thiên cơ trí; thiên luyến ái. trình bày thiên biện luận, thiên đàm phán, thiên thương tướng, thiên thuyết phục, thiên hài hước. | ||
| 653 | |a Giao tiếp | ||
| 653 | |a Nghệ thuật | ||
| 942 | |2 ddc |c SH | ||
| 999 | |c 8920 |d 8920 | ||
| 952 | |0 0 |1 0 |2 ddc |4 0 |6 302_224000000000000_NH304V |7 0 |8 300 |9 73523 |a qbu |b qbu |c D2 |d 2015-05-04 |g 175000 |l 1 |o 302.224 NH304V |p 8499.c1 |r 2019-03-04 |s 2019-02-18 |w 2015-05-04 |y SH | ||